| 000 | 01032cam a2200277 i 4500 | ||
|---|---|---|---|
| 001 | 18388983 | ||
| 005 | 20230731144736.0 | ||
| 008 | 141128s2016 nyua 000 0 eng | ||
| 010 | _a 2014046564 | ||
| 020 | _a9780073513799 (alk. paper) | ||
| 040 |
_aDLC _beng _cDLC _erda _dDLC |
||
| 042 | _apcc | ||
| 050 | 0 | 0 | _aR 123 .A44 2016 |
| 082 | 0 | 0 |
_a610.1/4 _223 |
| 100 | 1 |
_aAllan, David, _d1942- |
|
| 245 | 1 | 0 |
_aEssentials of medical language / _cDavid M. Allan, MA, MD, Karen D. Lockyer, BS, RHIT, CPC. |
| 250 | _aThird edition. | ||
| 300 |
_axxiv, w-9, 471 pages : _bcolor illustrations, _c28 cm |
||
| 500 | _aIncludes index. | ||
| 650 | 0 |
_aMedicine _xTerminology _vProgrammed instruction. |
|
| 650 | 0 |
_aCommunication in medicine _vProgrammed instruction. |
|
| 700 | 1 | _aLockyer, Karen. | |
| 906 |
_a7 _bcbc _corignew _d1 _eecip _f20 _gy-gencatlg |
||
| 942 |
_2lcc _cBOOKS _hR 123 .A44 2016 |
||
| 999 |
_c31807 _d31807 |
||